Redfern and Hunter on International Arbitration (Record no. 115101)
[ view plain ]
| 000 -LEADER | |
|---|---|
| fixed length control field | 01076cam a22002535a 4500 |
| 001 - CONTROL NUMBER | |
| control field | L158047 |
| 008 - FIXED-LENGTH DATA ELEMENTS--GENERAL INFORMATION | |
| fixed length control field | 140226s2009 xxk f 000 0 eng d |
| 020 ## - INTERNATIONAL STANDARD BOOK NUMBER | |
| International Standard Book Number | 9780199557196 |
| 035 ## - SYSTEM CONTROL NUMBER | |
| System control number | (Sirsi) u158047 |
| 041 0# - LANGUAGE CODE | |
| Language code of text/sound track or separate title | eng |
| 050 04 - LIBRARY OF CONGRESS CALL NUMBER | |
| Classification number | 347.4109 BLA |
| 100 1# - MAIN ENTRY--PERSONAL NAME | |
| Personal name | Blackaby, Nigel |
| 245 00 - TITLE STATEMENT | |
| Title | Redfern and Hunter on International Arbitration |
| 260 ## - PUBLICATION, DISTRIBUTION, ETC. | |
| Place of publication, distribution, etc. | Oxford |
| Name of publisher, distributor, etc. | Oxford University |
| Date of publication, distribution, etc. | 2009 |
| 300 ## - PHYSICAL DESCRIPTION | |
| Extent | xlvii, 727p, 25cm |
| 520 ## - SUMMARY, ETC. | |
| Summary, etc. | Serves as an effective introduction for students of international arbitration. This edition has been substantially revised to include fuller treatment of investment treaty arbitration and the law and practice of international arbitration beyond the UK and Europe, in particular the USA, Latin America, China and India. Includes many references to significant arbitrations and recent decisions from the major arbitral jurisdictions. |
| 590 ## - LOCAL NOTE (RLIN) | |
| Local note | KA |
| 651 #4 - SUBJECT ADDED ENTRY--GEOGRAPHIC NAME | |
| Geographic name | International |
| 690 ## - LOCAL SUBJECT ADDED ENTRY--TOPICAL TERM (OCLC, RLIN) | |
| Topical term or geographic name as entry element | Dispute resolution |
| 9 (RLIN) | 6236 |
| 700 1# - ADDED ENTRY--PERSONAL NAME | |
| Personal name | Partasides, Constantine |
| 700 1# - ADDED ENTRY--PERSONAL NAME | |
| Personal name | Redfern, Alan |
| 700 1# - ADDED ENTRY--PERSONAL NAME | |
| Personal name | Hunter, Martin |
| 942 ## - ADDED ENTRY ELEMENTS (KOHA) | |
| Suppress in OPAC | 0 |
| Withdrawn status | Lost status | Source of classification or shelving scheme | Damaged status | Not for loan | Home library | Current library | Shelving location | Date acquired | Total Checkouts | Full call number | Barcode | Date last seen | Copy number | Price effective from | Koha item type |
|---|---|---|---|---|---|---|---|---|---|---|---|---|---|---|---|
| Dewey Decimal Classification | London | London | Books | 26/02/2014 | 347.4109 BLA | 30075101 | 06/08/2019 | 1 | 06/08/2019 | Book |